[Event "Druga liga CS Zapad - 2017"]
[Site "Kragujevac-H"]
[Date "2017.09.08"]
[Round "1"]
[White "Mrsevic, Miroslav"]
[Black "Aleksic, Milan"]
[Result "1/2-1/2"]
[BlackElo "2244"]
[EventDate "2017.09.08"]
[WhiteElo "2256"]

1.e4 c5 2.d3 Nc6 3.g3 d5 4.Nd2 Nf6 5.Ngf3 e5 6.Bg2 g6 7.O-O Bg7 8.exd5 Nxd5
9.c3 O-O 10.a4 h6 11.Re1 Re8 12.Nc4 Bf5   1/2-1/2

[Event "Druga liga CS Zapad - 2017"]
[Site "Kragujevac-H"]
[Date "2017.09.08"]
[Round "1"]
[White "Kahrovic, Mersid"]
[Black "Jovanovic, Milovan"]
[Result "1-0"]
[BlackElo "2150"]
[EventDate "2017.09.08"]
[WhiteElo "2266"]

1.c4 c5 2.Nc3 Nf6 3.e4 d6 4.h3 Nc6 5.Nf3 g6 6.d4 cxd4 7.Nxd4 Nxd4 8.Qxd4
Bg7 9.Be3 O-O 10.Qd2 Be6 11.Rc1 Re8 12.Be2 Qa5 13.O-O Rac8 14.b3 a6 15.Rfd1
Bd7 16.f3 Bc6 17.Bf1 Nd7 18.Nd5 Qxd2 19.Rxd2 Bxd5 20.Rxd5 Rc6 21.Rcd1 Rec8
22.Be2 h5 23.Kf2 Bf6 24.f4 Nb6 25.R5d3 Bg7 26.g4 hxg4 27.Bxg4 Rf8 28.Bf3
Nc8 29.a4 a5 30.Rd5 b6 31.Bg4 e6 32.R5d3 f5 33.exf5 gxf5 34.Bf3 Rc7 35.Rxd6
Nxd6 36.Rxd6 Bf6 37.Rxe6 Rg7 38.Bd5 Kh7 39.Rxb6 Bh4+ 40.Ke2 Re8 41.c5 Rge7
42.Rb7 Rxb7 43.Bxb7 Bd8 44.Kd3 Bc7 45.Bd5 Rb8 46.Bd2 Kg6 47.Kc4 Kf6 48.h4
Bxf4 49.Bxa5 Rh8 50.c6 Ke7 51.h5 Bd6 52.h6 Rxh6 53.b4 Rh8 54.Kb5 f4 55.c7
Ra8 56.Kc6 Rf8 57.Bf3 Ra8 58.Kb7   1-0

[Event "Druga liga CS Zapad - 2017"]
[Site "Kragujevac-H"]
[Date "2017.09.08"]
[Round "1"]
[White "Markovic, Miroslav R"]
[Black "Kijanovic, Igor"]
[Result "0-1"]
[BlackElo "2106"]
[EventDate "2017.09.08"]
[WhiteElo "2074"]

1.d4 Nf6 2.c4 e6 3.Nc3 Bb4 4.Qc2 c5 5.e3 Nc6 6.Nf3 d5 7.dxc5 Bxc5 8.a3 d4
9.exd4 Nxd4 10.Nxd4 Qxd4 11.Bd3 Bd7 12.O-O Bc6 13.Ne2 Qg4 14.Ng3 h5 15.Be2
Qh4 16.b4 Ng4 17.h3 Qxg3   0-1

[Event "Druga liga CS Zapad - 2017"]
[Site "Kragujevac-H"]
[Date "2017.09.08"]
[Round "1"]
[White "Brajovic, Miroljub"]
[Black "Djokovic, Ivan"]
[Result "0-1"]
[BlackElo "2070"]
[EventDate "2017.09.08"]
[WhiteElo "2086"]

1.e4 e5 2.d4 d6 3.Nf3 Nd7 4.Nc3 c6 5.Bc4 Be7 6.O-O Ngf6 7.a4 O-O 8.Qd3 Qc7
9.h3 a6 10.Bg5 Re8 11.Rfd1 Nf8 12.dxe5 dxe5 13.Bh4 Ng6 14.Bg3 Nh5 15.Qe3
Nhf4 16.Ne2 Ne6 17.Qc3 Bf6 18.a5 Nef4 19.Rd2 Be6 20.Bxe6 Rxe6 21.Rad1 Rd6
22.Bxf4 exf4 23.Qa3 Rxd2 24.Rxd2 Re8 25.Qb4 Bd8 26.Nc3 Qxa5 27.Qxb7 Bf6
28.Qxc6 Rb8 29.Rd5 Qa1+ 30.Kh2 Qxb2 31.e5 Ne7 32.Qd6 Nxd5 33.Nxd5 Bd8 34.e6
Bf6 35.Nxf6+ gxf6 36.exf7+ Kxf7 37.Qxf4 Re8 38.Qc4+ Kg7 39.Nd4 Qb8+ 40.g3
Qe5 41.c3 a5 42.h4 Kg6 43.Qc6 Qe1 44.Kh3 Qf1+ 45.Kg4 h5+ 46.Kf4 Qxf2+ 47.Nf3
Qe3#   0-1

[Event "Druga liga CS Zapad - 2017"]
[Site "Kragujevac-H"]
[Date "2017.09.08"]
[Round "1"]
[White "Milentijevic, Vojislav"]
[Black "Vizlina, Branisa"]
[Result "1-0"]
[BlackElo "2068"]
[EventDate "2017.09.08"]
[WhiteElo "1978"]

1.e4 Nc6 2.d4 d5 3.exd5 Qxd5 4.Nf3 Bg4 5.Be2 e6 6.O-O Nf6 7.Be3 Bd6 8.h3
Qh5 9.Re1 O-O-O 10.Nbd2 Bxf3 11.Bxf3 Qg6 12.c4 Bb4 13.a3 Bxd2 14.Qxd2 Ne4
15.Qc2 f5 16.Rad1 Rhf8 17.b4 a6 18.b5 Nb8 19.Bf4 Nd6 20.Qb3 a5 21.b6 c6
22.d5 exd5 23.cxd5 Ne4 24.Bxb8 Kxb8 25.Qa4 c5 26.Qxa5 Qd6 27.Qa7+ Kc8 28.Rxe4
Rf6 29.Qa8+ Qb8 30.Qxb8+ Kxb8 31.Re7 Rxb6 32.Rxg7 Rb3 33.d6 c4 34.Rxh7
c3 35.Rc1 Rxd6 36.Re7 Rd8 37.Rxb7+ Rxb7 38.Bxb7   1-0

[Event "Druga liga CS Zapad - 2017"]
[Site "Kragujevac-H"]
[Date "2017.09.08"]
[Round "1"]
[White "Musovic, Sabrija"]
[Black "Brzakovic, Milos"]
[Result "1-0"]
[BlackElo "1721"]
[EventDate "2017.09.08"]
[WhiteElo "2037"]

1.e4 d5 2.exd5 Qxd5 3.d4 c5 4.Nc3 Qe6+ 5.Be3 cxd4 6.Nb5 Qd7 7.Qxd4 Kd8 8.Nxa7
Qxd4 9.Bxd4 Bd7 10.Bb6+ Ke8 11.Nb5 Bxb5 12.Bxb5+ Nc6 13.Nf3 Nf6 14.Ne5
Rc8 15.O-O-O e6 16.Rhe1 Nd5 17.Rxd5 Be7 18.Rd3 f6 19.Nxc6 bxc6 20.Bc4 e5
21.a4 Ra8 22.a5 Bb4 23.Red1 Be7 24.a6   1-0

[Event "Druga liga CS Zapad - 2017"]
[Site "Kragujevac-H"]
[Date "2017.09.08"]
[Round "1"]
[White "Grubisic, Ilija"]
[Black "Toth, Aleksandar"]
[Result "1/2-1/2"]
[BlackElo "2357"]
[EventDate "2017.09.08"]
[WhiteElo "2324"]

1.e4 e5 2.Nf3 Nc6 3.Bc4 Bc5 4.c3 Nf6 5.d3 d6 6.Bb3 a6 7.h3 h6 8.Nbd2 Ba7
9.Nf1 Be6 10.Bc2 d5 11.Qe2 b5 12.Ne3 O-O 13.a4 dxe4 14.dxe4 Qd6 15.Nh4
b4 16.Nhf5 Qc5 17.Bd2 bxc3   1/2-1/2

[Event "Druga liga CS Zapad - 2017"]
[Site "Kragujevac-H"]
[Date "2017.09.08"]
[Round "1"]
[White "Bojovic, Dusan"]
[Black "Cukanovic, Petar"]
[Result "0-1"]
[BlackElo "2158"]
[EventDate "2017.09.08"]
[WhiteElo "2240"]

1.e4 c5 2.Nf3 d6 3.d4 cxd4 4.Nxd4 Nf6 5.Nc3 a6 6.Be3 e5 7.Nb3 Be6 8.f3 Be7
9.Qd2 O-O 10.O-O-O Nbd7 11.Qf2 b5 12.g4 b4 13.Nd5 Bxd5 14.exd5 Qc7 15.Kb1
Rfb8 16.g5 Ne8 17.Bd3 Nc5 18.Nxc5 dxc5 19.Qh4 g6 20.Qe4 Rc8 21.b3 Bf8 22.Bc4
Nd6 23.Qd3 Bg7 24.Bc1 a5 25.Rhe1 a4 26.Re2 axb3 27.cxb3 Ra5 28.Bb2 Rca8
29.Ba1 Rxa2 30.Rxa2 Rxa2 31.Kxa2 Qa5+ 32.Kb1 e4 33.Bxg7 exd3 34.Bb2 Nxc4
35.bxc4 Qa6 36.Rxd3 Qxc4 37.Rd2 Qf1+ 38.Kc2 Qc4+ 39.Kb1 Qf4 40.Kc2 c4 41.Bf6
c3 42.Re2 Qf5+ 43.Kb3 Qb1+   0-1

[Event "Druga liga CS Zapad - 2017"]
[Site "Kragujevac-H"]
[Date "2017.09.08"]
[Round "1"]
[White "Nikolic, Vojkan"]
[Black "Jovanovic, Miroslav O"]
[Result "1/2-1/2"]
[BlackElo "2091"]
[EventDate "2017.09.08"]
[WhiteElo "2105"]

1.e4 d5 2.exd5 Qxd5 3.Nc3 Qa5 4.d4 c6 5.Nf3 Bg4 6.h3 Bxf3 7.Qxf3 Nf6 8.Bc4
e6 9.O-O Bd6 10.Ne4 Nxe4 11.Qxe4 O-O 12.Bd3 g6 13.c3 Nd7 14.f4 Rfe8 15.Bd2
Qb6 16.b4 a5 17.a3 axb4 18.axb4 Bf8 19.Kh1 Bg7 20.Rfb1 Qc7 21.Qe3 Nb6 22.Qf2
Rxa1 23.Rxa1 Ra8 24.Rxa8+ Nxa8 25.g4 Nb6 26.f5 exf5 27.gxf5 Qd7 28.Qf3
Nd5 29.Be4 Nf6 30.Bd3 b5 31.Kg2 Qd5 32.Kf2 Qxf3+ 33.Kxf3 Nd5 34.Ke4 Kf8
35.Be2 Ke7 36.fxg6 hxg6 37.c4 f5+ 38.Kd3 bxc4+ 39.Kxc4 Kd6 40.Bf3 Nb6+
41.Kd3 Bf6 42.Bf4+ Kd7 43.Bd2 Kd6 44.Bf4+ Kd7 45.Bd2   1/2-1/2

[Event "Druga liga CS Zapad - 2017"]
[Site "Kragujevac-H"]
[Date "2017.09.08"]
[Round "1"]
[White "Jovanovic, Obrad"]
[Black "Gajic, Sladjan"]
[Result "1/2-1/2"]
[BlackElo "2056"]
[EventDate "2017.09.08"]
[WhiteElo "2098"]

1.e4 e6 2.d3 d5 3.Nd2 Nc6 4.g3 Nf6 5.Bg2 Bc5 6.Ngf3 dxe4 7.dxe4 e5 8.O-O
O-O 9.c3 a5 10.Qc2 Re8 11.Nc4 h6 12.Be3 Qe7 13.Nh4 Ng4 14.Bd2 b5 15.Nf5
Qf8 16.Nce3 Nxe3 17.Nxe3 Ne7 18.a4 c6 19.axb5 cxb5 20.Qd3 Rd8 21.Qe2 Qe8
22.Rfd1 Be6 23.h3 Bb3 24.Re1 Qd7 25.Bc1 a4 26.Ng4 Bc4 27.Qf3 Qe6 28.Be3
Bxe3 29.Nxe3 Rd3 30.Bf1 Rd2 31.Bxc4 bxc4 32.Re2 Rd3 33.Qg4 Qc6 34.h4 a3
35.Kh2 axb2 36.Rxa8+ Qxa8 37.Rxb2 Qc6 38.Rb8+ Kh7 39.Nf5 Qg6 40.Qxg6+ Nxg6
41.Rc8 Rxc3 42.Nd6 Nh8 43.h5 Rc1 44.Rxc4 Rxc4 45.Nxc4 f6 46.Nd6 Kg8 47.Nf5
  1/2-1/2

[Event "Druga liga CS Zapad - 2017"]
[Site "Kragujevac-H"]
[Date "2017.09.08"]
[Round "1"]
[White "Stevcic, Slobodan"]
[Black "Djukic, Sinisa"]
[Result "1-0"]
[BlackElo "2058"]
[EventDate "2017.09.08"]
[WhiteElo "2140"]

1.e4 Nf6 2.Nc3 e5 3.Nf3 Nc6 4.d4 exd4 5.Nxd4 Bb4 6.Nxc6 Bxc3+ 7.bxc3 bxc6
8.Bd3 h6 9.e5 Nd5 10.Qg4 Kf8 11.O-O d6 12.Qc4 Qd7 13.Re1 a5 14.Qd4 Bb7
15.exd6 cxd6 16.Bd2 c5 17.Qh4 Nf6 18.Rab1 Bc6 19.Bg5 Ng8 20.Rbd1 Re8 21.Rxe8+
Kxe8 22.Rb1 Qc7 23.Re1+ Kf8 24.Bd8 Qd7 25.c4 a4 26.a3 f6 27.Ba5 Ne7 28.Qh5
g6 29.Bxg6 Nxg6 30.Qxg6 Qf7 31.Qg3 Qd7 32.Qf4 Kf7 33.Bc3 Qd8 34.Qf5 Rg8
35.Qe6+ Kg6 36.Bxf6 Qe8 37.Be7+ Kh7 38.Qf5+ Rg6 39.Re6 Bd7 40.Qxg6+ Qxg6
41.Rxg6 Kxg6 42.Bxd6 Be6 43.Bxc5 Bxc4 44.f4 Kf5 45.g3 Ke4 46.Kf2 h5 47.Bd6
Bb5 48.Be5 Bc4 49.h3 Be6 50.Kg2 Bd7 51.c4 Bc6 52.g4 hxg4 53.hxg4 Kd3+ 54.Kg3
Kxc4 55.Kh4 Kd5 56.Kg5 Ke6 57.Kg6 Bf3 58.Kg5 Kf7 59.f5 Be2 60.Kf4 Bd1 61.g5
Bh5 62.Bc3 Bd1 63.g6+ Kg8 64.Kg5 Bc2 65.f6 Bb3 66.Kf4 Bc4 67.Ke5 Bb3 68.Bb4
Bc4 69.Kd4 Bb3 70.Kc3 Bd5 71.Bd6 Be6 72.Kb4 Bb3 73.Bc5   1-0

[Event "Druga liga CS Zapad - 2017"]
[Site "Kragujevac-H"]
[Date "2017.09.08"]
[Round "1"]
[White "Radenkovic, Aleksa"]
[Black "Jelesijevic, Srecko"]
[Result "1-0"]
[BlackElo "1939"]
[EventDate "2017.09.08"]
[WhiteElo "1965"]

1.e4 Nf6 2.Nc3 d5 3.e5 Nfd7 4.d4 Nb6 5.f4 e6 6.Be3 N6d7 7.Nf3 c5 8.Bd3 Nc6
9.O-O cxd4 10.Nxd4 Nxd4 11.Bxd4 Bc5 12.Bxc5 Nxc5 13.Bb5+ Bd7 14.Qg4 g6
15.Kh1 Bxb5 16.Nxb5 Ne4 17.Qe2 a6 18.Nd4 O-O 19.Rad1 Rc8 20.Rd3 Rc4 21.c3
Qb6 22.g4 Rfc8 23.f5 exf5 24.gxf5 Qc7 25.e6 fxe6 26.fxg6 Qe5 27.Qg4 Nc5
28.Rdf3 h5 29.Qh4 Ne4 30.Qe7   1-0

[Event "Druga liga CS Zapad - 2017"]
[Site "Kragujevac-H"]
[Date "2017.09.08"]
[Round "1"]
[White "Danilovic, Aleksandar"]
[Black "Vasic, Vladimir"]
[Result "1/2-1/2"]
[BlackElo "2193"]
[EventDate "2017.09.08"]
[WhiteElo "2411"]

1.e4 e5 2.d4 exd4 3.c3 d3 4.Bxd3 d5 5.exd5 Qxd5 6.Nf3 Nf6 7.O-O Be7 8.Re1
Bg4 9.Qa4+ Bd7 10.Qc2 Nc6 11.Nbd2 O-O-O 12.Ne4 Be6 13.Nxf6 Qxd3 14.Qxd3
Rxd3 15.Ne4 h6 16.Be3 Bd5 17.Ned2 Bf6 18.Kf1 Rd8 19.Ke2 Bxf3+ 20.Nxf3 R3d5
21.Rec1 Re8 22.Rc2 Ne5 23.Nxe5 Bxe5 24.Kf3 Bd6 25.g3 Rf5+ 26.Kg4 g6 27.Rd1
h5+ 28.Kh3 b6 29.Rcd2 Re4 30.Kg2 h4 31.Rd4 Rxd4 32.Bxd4 hxg3 33.fxg3 Kd7
34.Re1 a5 35.Re4 a4 36.h4 Rb5 37.Re2 Rd5 38.g4 Bc5 39.Bf6 Rd1 40.h5 Rg1+
41.Kh3 Bd6 42.Be5 gxh5 43.gxh5 Rh1+ 44.Kg4 Rg1+ 45.Kf3 Rf1+ 46.Kg3 Rg1+
47.Kh3 Rh1+ 48.Kg4 Rg1+ 49.Kf5 Rf1+ 50.Kg4 Rg1+ 51.Kf3 Rf1+ 52.Kg4   1/2-1/2

[Event "Druga liga CS Zapad - 2017"]
[Site "Kragujevac-H"]
[Date "2017.09.08"]
[Round "1"]
[White "Milosevic, Zoran"]
[Black "Vuckovic, Branko"]
[Result "0-1"]
[BlackElo "2260"]
[EventDate "2017.09.08"]
[WhiteElo "2209"]

1.d4 Nf6 2.Nf3 d5 3.c4 c6 4.Nc3 Bf5 5.Nh4 Be6 6.cxd5 cxd5 7.Qb3 Nc6 8.e3
Bd7 9.Nf3 e6 10.Be2 Rc8 11.O-O Na5 12.Qd1 Bb4 13.Bd2 Nc4 14.Bxc4 Rxc4 15.Ne5
Rc8 16.Nxd7 Qxd7 17.Nb1 Bd6 18.Bc3 O-O 19.Nd2 b5 20.a3 Qc7 21.Qe2 Qb6 22.e4
dxe4 23.Nxe4 Nxe4 24.Qxe4 Rfd8 25.Rfd1 Bf8 26.Rd3 Rd5 27.Rad1 g6 28.Qe1
Bg7 29.g3 Qd8 30.f4 Rc4 31.Qd2 Qd7 32.Kf1 Rc8 33.Bb4 Bf8 34.Bxf8 Rxf8 35.Kf2
Rd8 36.Ke3 f6 37.Qc3 Qb7 38.Kf2 Qb6 39.Kf3 Kf7 40.Ke2 R8d7 41.Kf1 g5 42.fxg5
Rxg5 43.Qc1 Kg7 44.h4 Rgd5 45.Qc3 a5 46.Ke2 b4 47.axb4 axb4 48.Qc4 Rc7
49.Qb3 Qb5 50.Kf2 Rf5+ 51.Kg2 Rc4 52.d5 exd5 53.R3d2 Qc6 54.Rd4 Rc2+ 55.R1d2
Rxd2+ 56.Rxd2 d4+ 57.Kh2 Rf1 58.Rg2 Qc1 59.Kh3 h5 60.Qd5 Rh1+ 61.Rh2 Qf1+
62.Qg2 Qf5+ 63.g4 Qxg4+   0-1

[Event "Druga liga CS Zapad - 2017"]
[Site "Kragujevac-H"]
[Date "2017.09.08"]
[Round "1"]
[White "Bugarcic, Ivan"]
[Black "Dimitrijevic, Milorad"]
[Result "1-0"]
[BlackElo "2201"]
[EventDate "2017.09.08"]
[WhiteElo "2150"]

1.g3 e5 2.Bg2 Nf6 3.c4 c5 4.Nc3 Be7 5.Nf3 Nc6 6.d3 O-O 7.Nd5 d6 8.Nxe7+
Qxe7 9.O-O h6 10.Bd2 Be6 11.a3 Rac8 12.Bc3 Qd7 13.Re1 Rfe8 14.b4 b6 15.b5
Ne7 16.a4 Ng6 17.a5 Qc7 18.axb6 axb6 19.Ra6 d5 20.Qa4 Qd6 21.Nd2 Rb8 22.cxd5
Bxd5 23.Nc4 Qc7 24.e4 Bxc4 25.Qxc4 Nh7 26.Rea1 Ng5 27.h4 Ne6 28.h5 Ne7
29.Ra7 Qd6 30.f4 Nd4 31.Bxd4 cxd4 32.fxe5 Qxe5 33.Rf1 Rf8 34.Qc7 Qxc7 35.Rxc7
Rfe8 36.Bh3 Kf8 37.Be6 f6 38.e5 f5 39.Bd7 Nd5 40.Rxf5+ Kg8 41.Bxe8 Nxc7
42.Bc6 Rd8 43.Kf2 Ne6 44.Ke2 Nc5 45.e6 Rd6 46.Re5 Nxe6 47.Bd5 Kf7 48.Kf3
Kf6 49.Rxe6+ Rxe6 50.Bxe6 Kxe6 51.Ke4 Ke7 52.Kxd4 Kd6 53.Ke4 Kc5 54.Ke5
Kxb5 55.d4 Kc6 56.Ke6 Kc7 57.d5 b5 58.Ke7 b4 59.d6+ Kc6 60.d7 b3 61.d8=Q
  1-0

[Event "Druga liga CS Zapad - 2017"]
[Site "Kragujevac-H"]
[Date "2017.09.08"]
[Round "1"]
[White "Kolarevic, Darko"]
[Black "Bezarevic, Branko"]
[Result "1/2-1/2"]
[BlackElo "2200"]
[EventDate "2017.09.08"]
[WhiteElo "2182"]

1.d4 Nf6 2.c4 e6 3.Nc3 Bb4 4.e3 c5 5.Nge2 cxd4 6.exd4 d5 7.c5 O-O 8.a3 Bxc3+
9.Nxc3 Ne4 10.Bd3 Nxc3 11.bxc3 b6 12.cxb6 axb6 13.Qh5 g6 14.Qh6 Qc7 15.Bd2
Ba6 16.Bxa6 Rxa6 17.h4 f6 18.Rh3 Qg7 19.Qe3 Re8 20.Kf1 Nd7 21.Qd3 Rea8
22.c4 dxc4 23.Qxc4 Nf8 24.Bb4 Qd7 25.Re1 b5 26.Qc3 Rc8 27.Qf3 Qf7 28.Qf4
Rac6 29.Rf3 Nd7 30.d5 Ra6 31.d6 e5 32.Qe4 Qc4+ 33.Qxc4+ Rxc4 34.h5 g5 35.Rd3
Kf7 36.Rd5 Rb6 37.Ba5 Rbc6 38.Bb4 Rb6 39.Ba5 Rbc6 40.Bb4 Rb6   1/2-1/2

[Event "Druga liga CS Zapad - 2017"]
[Site "Kragujevac-H"]
[Date "2017.09.08"]
[Round "1"]
[White "Jelisavcic, Srdjan"]
[Black "Gavrilovic, Vladan"]
[Result "0-1"]
[BlackElo "2199"]
[EventDate "2017.09.08"]
[WhiteElo "2078"]

1.e4 d5 2.e5 d4 3.c3 c5 4.Bc4 e6 5.Qe2 Ne7 6.d3 Nbc6 7.Nf3 Ng6 8.O-O Be7
9.Re1 O-O 10.Nbd2 a6 11.a4 Rb8 12.Qe4 b5 13.axb5 axb5 14.Bxb5 Rxb5 15.Qxc6
Rb6 16.Qe4 Bb7 17.Qg4 dxc3 18.Nc4 cxb2 19.Bxb2 Rb3 20.Nfd2 Rxd3 21.Ne4
Bd5 22.Ncd6 Rb3 23.Qe2 Bxd6 24.Nxd6 Nf4 25.Qg4 Nxg2 26.Reb1 Rb4 27.Qg3
Qb6 28.Rd1 Rxb2 29.Rxd5 exd5 30.Kxg2 Rb3 31.Qf4 Qb4 32.Qf5 g6 33.Qg5 Qc3
  0-1

[Event "Druga liga CS Zapad - 2017"]
[Site "Kragujevac-H"]
[Date "2017.09.08"]
[Round "1"]
[White "Jovic, Slavko"]
[Black "Djokic, Mihailo"]
[Result "0-1"]
[BlackElo "1991"]
[EventDate "2017.09.08"]
[WhiteElo "1932"]

1.e4 c5 2.d4 cxd4 3.c3 dxc3 4.Nxc3 d6 5.Bc4 e6 6.Nf3 Nc6 7.Qe2 a6 8.a4 Be7
9.O-O Nf6 10.Rd1 Qc7 11.Bf4 e5 12.Be3 O-O 13.h3 h6 14.Rac1 Qb8 15.Ba2 Be6
16.Bxe6 fxe6 17.Qc4 Kf7 18.b4 Rc8 19.Qb3 b5 20.a5 Qb7 21.Nh4 Nxb4 22.Qxb4
d5 23.Qb3 d4 24.Bxd4 exd4 25.Rxd4 b4 26.Nf5 Rab8 27.Nxe7 Rxc3 28.Rxc3 bxc3
29.Qxb7 Rxb7 30.Nc6 Rb1+ 31.Kh2 c2 32.Ne5+ Ke7 33.Nc6+ Kf7 34.Ne5+ Ke8
35.Nd3 Rd1 36.Rc4 Rxd3 37.Rxc2 Nxe4 38.Rc6 Rd6   0-1

[Event "Druga liga CS Zapad - 2017"]
[Site "Kragujevac-H"]
[Date "2017.09.08"]
[Round "1"]
[White "Dolovic, Dusko"]
[Black "Naskovic, Filip"]
[Result "1-0"]
[BlackElo "2201"]
[EventDate "2017.09.08"]
[WhiteElo "2239"]

1.d4 Nf6 2.Nf3 e6 3.g3 d5 4.Bg2 Be7 5.O-O O-O 6.c4 c6 7.Nbd2 b6 8.b3 Bb7
9.Bb2 Nbd7 10.Ne5 c5 11.cxd5 Nxd5 12.Nd3 cxd4 13.Bxd4 Bf6 14.Bxd5 Bxd5
15.Bxf6 Qxf6 16.Qb1 Rfd8 17.Rc1 Bb7 18.Qb2 Qf5 19.Rc7 Rab8 20.Qa3 Ne5 21.Nxe5
Qxe5 22.Rac1 Qd5 23.Nf3 e5 24.Qe7 e4 25.Ng5 e3 26.Qxf7+ Qxf7 27.Nxf7 exf2+
28.Kf1 Rd2 29.Ng5 Ba6 30.Re7 Rf8 31.Nh3 Rd6 32.Nf4 Bc8 33.Rcc7 Rh6 34.Rxg7+
Kh8 35.h4 a5 36.Kxf2 Bf5 37.Rgf7 Rxf7 38.Rxf7 Bb1 39.a3 Ba2 40.Rb7 Bxb3
41.h5 Rd6 42.g4 Kg8 43.Kg3 Rc6 44.g5 Bc2 45.Nd5 Kf8 46.Nf6 h6 47.Nd7+ Ke8
48.g6 Kd8 49.Ne5 Re6 50.Kf4 Rf6+ 51.Ke3 Rf1 52.Nf7+ Kc8 53.Nd6+   1-0